Química de los compuestos orgánicos /
Guardado en:
| Autor Principal: | |
|---|---|
| Otros Autores: | , |
| Formato: | Libro |
| Idioma: | Spanish |
| Publicado: |
Buenos Aires :
López Libreros Editores, Médico Quirúrgica,
1968.
|
| Edición: | 2a ed. |
| Materias: | |
| Etiquetas: |
Agregar Etiqueta
Sin Etiquetas, Sea el primero en etiquetar este registro!
|
| LEADER | 00917nam a22002295a 4500 | ||
|---|---|---|---|
| 001 | EIQ.libpla004202 | ||
| 008 | 121001s1968####ag#######b####000#0#spa#d | ||
| 005 | 20121010095547.0 | ||
| 245 | 1 | 0 | |a Química de los compuestos orgánicos / |c Carl R. Noller ; versión al castellano de la tercera edición norteamericana por Jorge H. Comin, Marcelo J. Vernengo. |
| 250 | |a 2a ed. | ||
| 260 | |a Buenos Aires : |b López Libreros Editores, Médico Quirúrgica, |c 1968. | ||
| 300 | |a xv, 1317 p. ; |c 26 cm. | ||
| 500 | |a Título original : Chemistry of organic compounds, 3rd ed., 1966. | ||
| 504 | |a Incluye apéndice e índice. | ||
| 100 | 1 | |a Noller, Carl R. |4 aut | |
| 700 | 1 | |a Comin, Jorge H. |4 trl | |
| 700 | 1 | |a Vernengo, Marcelo J. |4 trl | |
| 082 | 0 | 4 | |a 547 |2 21 |
| 650 | 7 | |a Organic chemisty |x Organic compounds | |
| 650 | 7 | |a Quíca orgánica |x Compuestos orgánicos | |
| 040 | |a AR-BbSID | ||
| 859 | |a AR-BbSID |b BIB. PLAPIQUI |h 547 |i N723 |p 6125 | ||
